000
00335 a2200157 4500
001
175343
020
_a
85-345-0535-7
040
_c
Magnum
100
_a
Azevedo, Eglom de
240
1
0
_a
Geografia 8
_l
por
245
1
0
_a
Geografia 8
300
_a
206
362
0
_a
1998
697
_a
HISTÓRIA - GEOGRAFIA - BIOGRAFIAS
942
_c
BK
999
_c
175343
_d
175343